Hamilton Lyrics Sort #12 - The Story of Tonight - Reprise - Statistics

General Stats
  • This quiz has been taken 7 times
  • The average score is 48 of 50
Answer Stats
Hint Answer % Correct
Line 3 But I've seen wonders great and small
100%
Line 5 Cause if the tomcat can get married
100%
Line 45 Congrats again, Alexander, smile more
100%
Line 28 From what I hear, you've made yourself indispensible
100%
Line 19 I came to say congratulations
100%
Line 17 I didn't think that you would make it
100%
Line 6 (If Alexander can get married)
100%
Line 48 If you love this woman, go get her! What are you waiting for?
100%
Line 23 Ignore them, congrats to you, Lieutenant Colonel
100%
Line 49 I'll see you on the other side of the war [1]
100%
Line 50 I'll see you on the other side of the war [2]
100%
Line 1 I may not live to see our glory! [1]
100%
Line 2 (I may not live to see our glory!) [2]
100%
Line 42 I see
100%
Line 21 I see the whole gang is here
100%
Line 38 It's alright, Burr, I wish you'd brought this girl with you tonight, Burr
100%
Line 4 (I've seen wonders great and small)
100%
Line 47 I will never understand you
100%
Line 24 I wish I had your command instead of manning George's journal
100%
Line 15 Let's have another round
100%
Line 11 Let's have another round tonight!
100%
Line 37 Man!
100%
Line 10 No matter what she tells you
100%
Line 34 No, these guys should go
100%
Line 27 Now, be sensible
100%
Line 25 No , you don't
100%
Line 44 Oh shit
100%
Line 8 Raise a glass to freedom (Hey!)
100%
Line 12 Raise a glass to the four of us! (Ho!)
100%
Line 41 She's married
100%
Line 43 She's married to a British officer
100%
Line 9 Something you will never see again!
100%
Line 20 Spit a verse, Burr!
100%
Line 7 There's hope for our ass, after all!
100%
Line 18 To be sure (Burr!)
100%
Line 13 To the newly not poor of us! (Woo!)
100%
Line 16 Well, if it isn't Aaron Burr (Sir!)
100%
Line 14 We'll tell the story of tonight
100%
Line 29 Well, well, I heard
100%
Line 32 What are you tryin' to hide, Burr?
100%
Line 40 What do you mean?
100%
Line 35 What? No!
100%
Line 26 Yes, I do
100%
Line 22 You are the worst, Burr!
100%
Line 39 You're very kind, but I'm afraid it's unlawful, sir
100%
Line 30 You've got a special someone on the side, Burr
100%
Line 33 I should go
50%
Line 31 Is that so?
50%
Line 36 Leave us alone
50%
Line 46 I'll seee you on the other side of the war
0%
No matching quizzes found
Score Distribution
Percent of People with Each Score
Percentile by Number Answered
Your Score History
You have not taken this quiz